|
|
|
|
| LEADER |
01371naa a2200313 i 4500 |
| 001 |
acta62008 |
| 005 |
20230612144244.0 |
| 008 |
190726s2019 hu o 1|| eng d |
| 024 |
7 |
|
|a 10.14232/tnpr.2019.sl31
|2 doi
|
| 040 |
|
|
|a SZTE Egyetemi Kiadványok Repozitórium
|b hun
|
| 041 |
|
|
|a eng
|
| 100 |
1 |
|
|a Jivishov Emil
|
| 245 |
1 |
0 |
|a Aromatic sulphur compounds from Allium species induce antioxidant signaling in human bladder cancer cells
|h [elektronikus dokumentum] :
|b [abstract] /
|c Jivishov Emil
|
| 260 |
|
|
|a Phytochemical Society of Europe ; University of Szeged
|b Leicester ; Szeged
|c 2019
|
| 300 |
|
|
|a 78
|
| 490 |
0 |
|
|a Trends in Natural Product Research – PSE Young Scientists’ Meeting
|
| 650 |
|
4 |
|a Természettudományok
|
| 650 |
|
4 |
|a Kémiai tudományok
|
| 650 |
|
4 |
|a Orvos- és egészségtudomány
|
| 650 |
|
4 |
|a Általános orvostudomány
|
| 650 |
|
4 |
|a Klinikai orvostan
|
| 695 |
|
|
|a Növénykémia - természetes anyagok - előadáskivonat, Gyógyszertan - előadáskivonat, Rákbetegségek - előadáskivonat
|
| 700 |
0 |
1 |
|a Hänze Jörg
|e aut
|
| 700 |
0 |
1 |
|a Fazio Pietro Di
|e aut
|
| 700 |
0 |
1 |
|a Hofmann Rainer
|e aut
|
| 700 |
0 |
1 |
|a Faqir Shah Mahmoud
|e aut
|
| 700 |
0 |
1 |
|a Keusgen Michael
|e aut
|
| 711 |
|
|
|a Trends in Natural Product Research
|c Budapest
|d 2019. június 19-21.
|
| 856 |
4 |
0 |
|u http://acta.bibl.u-szeged.hu/62008/1/ysm_2019_078.pdf
|z Dokumentum-elérés
|